000 00343nam a2200145Ia 4500
003 OSt
005 20240228144623.0
008 170524s9999 xx 000 0 und d
020 _a978-8125914440
040 _cIIMT UNIVERSITY
100 _aSaxena Sanjay
245 2 _aA FIRST COURSE IN COMPUTER
260 _aNew Delhi:Vikas
942 _2ddc
_c02
999 _c3038
_d3038